00465nam a2200145Ia 4500003000900000008004100009020001800050040001600068080001900084100001700103245012200120260003200242300000900274650003600283IN-BaIIA211028s9999 xx 000 0 eng d a0-7148-2938-2 cIIA Library a022:727.8bGOO aGooding, Mel 0aNational and university library, Ljubljana:Plecnik, JozecMel Gooding  aLondonbPhaidon Pressc1997 a60p. aArchitecture- library buildings